Impueto al valor agregado (Registro nro. 6520)
[ vista simple ]
| 000 -LEADER | |
|---|---|
| fixed length control field | 01269 a2200205 4500 |
| 001 - CONTROL NUMBER | |
| control field | 58931 |
| 005 - DATE AND TIME OF LATEST TRANSACTION | |
| control field | 20260407155843.0 |
| 008 - FIXED-LENGTH DATA ELEMENTS--GENERAL INFORMATION | |
| fixed length control field | 260407a arg spa d |
| 003 - CONTROL NUMBER IDENTIFIER | |
| control field | AR-UNSa-BCEJYS |
| 040 ## - CATALOGING SOURCE | |
| Original cataloging agency | AR-UNSa-BCEJYS |
| Language of cataloging | spa |
| Transcribing agency | AR-UNSa-BCEJYS |
| 080 ## - UNIVERSAL DECIMAL CLASSIFICATION NUMBER | |
| Universal Decimal Classification number | 336.226.3 |
| Common auxiliary subdivision | Impuestos por el uso de los ingresos. Impuestos al consumo. IVA |
| 100 1# - MAIN ENTRY--PERSONAL NAME | |
| Personal name | Grün, Ernesto |
| 245 10 - TITLE STATEMENT | |
| Title | Impueto al valor agregado |
| Name of part/section of a work | Análisis e implemantación practica |
| 264 #1 - PRODUCTION, PUBLICATION, DISTRIBUTION, MANUFACTURE, AND COPYRIGHT NOTICE | |
| Place of production, publication, distribution, manufacture | Buenos Aires : |
| Name of producer, publisher, distributor, manufacturer | ERGON |
| 300 ## - PHYSICAL DESCRIPTION | |
| Extent | 128 p. |
| Dimensions | 25 cm. |
| 505 ## - FORMATTED CONTENTS NOTE | |
| Formatted contents note | 1. Introducción - 2. El I.V.A. antecedentes históricos y de la legislación comparada - 3. Caracterización del gravamen - 4. Ventajas y desventajas - 5. Objeto - 6. Sujetos del impuesto - 7. Nacimiento del hecho imponible - 8. Base imponible - 9. Crédito y débito fiscal - 10. Inscripción. Responsables inscritos y no inscritos, exentos y consumidores finales - 11. Tasas - 12. Exenciones - 13. Regimen de transición - 14. Ley 20.631 y decreto reglamentario concordados - 15. Resoluciones generales 1652 y 1653 - 16. Disposiciones conexas con la ley 20.631 - 17. Tabla de correlaciones con disposiciones legales vinculadas con la ley 20.631 |
| 590 ## - LOCAL NOTE (RLIN) | |
| Local note | niveau_biblio:m niveau_hierar:0 |
| 700 1# - ADDED ENTRY--PERSONAL NAME | |
| Personal name | Brandstadter, Curt |
| 942 ## - ADDED ENTRY ELEMENTS (KOHA) | |
| Koha item type | |
| Withdrawn status | Lost status | Damaged status | Not for loan | Home library | Current library | Shelving location | Date acquired | Total checkouts | Full call number | Barcode | Date last seen | Price effective from | Koha item type |
|---|---|---|---|---|---|---|---|---|---|---|---|---|---|
| Biblioteca Prof. Eusebio Cleto del Rey | Biblioteca Prof. Eusebio Cleto del Rey | 07/04/2026 | 336.226.3 G888 | L25999 | 07/04/2026 | 07/04/2026 | Libro |